书目信息 |
| 题名: |
扶贫增收法律法规
|
|
| 作者: | 李勇 主编 | |
| 分册: | 上 | |
| 出版信息: | 汕头 汕头大学出版社 2017.10 |
|
| 页数: | 138页 | |
| 开本: | 22cm | |
| 丛书名: | 增收保障法律法规学习读本 | |
| 单 册: | ||
| 中图分类: | D922.44 | |
| 科图分类: | ||
| 主题词: | 扶贫--法律--中国--学习参考资料 | |
| 电子资源: | ||
| ISBN: | 978-7-5658-3204-8 | |
| 000 | 01146oam2 2200253 45 | |
| 001 | 012001000354 | |
| 005 | 20180920111653.95 | |
| 010 | @a978-7-5658-3204-8@dCNY29.80 | |
| 100 | @a20171027d2017 em y0chiy0110 ea | |
| 101 | 0 | @achi |
| 102 | @aCN@b440000 | |
| 105 | @ay z 000yy | |
| 106 | @ar | |
| 200 | 1 | @a扶贫增收法律法规@9Fu Pin Zeng Shou Fa Lv Fa Gui@h上@f李勇主编 |
| 210 | @a汕头@c汕头大学出版社@d2017.10 | |
| 215 | @a138页@d22cm | |
| 225 | 2 | @a增收保障法律法规学习读本 |
| 330 | @a本作品包括了广大人民群众应知应懂、实际实用的有关扶贫增收的法律法规,同时附录还列举了相应的释义解析、解读解答、案例分析、实施细则、政策制度、应用表格等内容,用以配套辅导学习。本套作品共计2册,本册包括《国家扶贫资金管理办法》《农民脱贫与增收最新政策》《机械工业部扶贫资金管理办法》《国有贫困林场扶贫资金管理办法》《中国农业发展银行扶贫贷款管理暂行办法》《中国农业银行扶贫基础工程试验项目贷款管理暂行办法》等法律法规内容。 | |
| 461 | 0 | @12001 @a增收保障法律法规学习读本 |
| 606 | 0 | @a扶贫@x法律@y中国@j学习参考资料 |
| 690 | @aD922.44@v5 | |
| 701 | 0 | @a李勇@9Li Yong@4主编 |
| 801 | 0 | @aCN@b上海新华@c20180901 |
| 905 | @b1150199-03@dD922.44@e1853:1@f5 | |
| 扶贫增收法律法规.上/李勇主编.-汕头:汕头大学出版社,2017.10 |
| 138页;22cm.-(增收保障法律法规学习读本) |
| ISBN 978-7-5658-3204-8:CNY29.80 |
| 本作品包括了广大人民群众应知应懂、实际实用的有关扶贫增收的法律法规,同时附录还列举了相应的释义解析、解读解答、案例分析、实施细则、政策制度、应用表格等内容,用以配套辅导学习。本套作品共计2册,本册包括《国家扶贫资金管理办法》《农民脱贫与增收最新政策》《机械工业部扶贫资金管理办法》《国有贫困林场扶贫资金管理办法》《中国农业发展银行扶贫贷款管理暂行办法》《中国农业银行扶贫基础工程试验项目贷款管理暂行办法》等法律法规内容。 |
| ● |
| 相关链接 |
|
|
|
|
正题名:扶贫增收法律法规
索取号:D922.44/1853:1
 
预约/预借
| 序号 | 登录号 | 条形码 | 馆藏地/架位号 | 状态 | 备注 |
| 1 | 1150199 | 211501999 | 第一样本阅览室/ [索取号:D922.44/1853:1] | 在馆 | |
| 2 | 1150200 | 211502006 | 史法系资料室/ [索取号:D922.44/1853:1] | 在馆 | |
| 3 | 1150201 | 211502015 | 第一借阅区/ [索取号:D922.44/1853:1] | 在馆 | |
| 4 | 1150202 | 211502024 | 第一借阅区/ [索取号:D922.44/1853:1] | 在馆 | |
| 5 | 1150203 | 211502033 | 第一借阅区/ [索取号:D922.44/1853:1] | 在馆 |